|
|
|
|
| LEADER |
00899cam a2200241 7i4500 |
| 001 |
0000037997 |
| 005 |
20230627090000.0 |
| 020 |
|
|
|a 9814277479 (hbk.)
|
| 020 |
|
|
|a 9789814277471 (hbk.)
|
| 090 |
0 |
0 |
|a GC221.2
|b .T77 2010
|
| 245 |
0 |
0 |
|a Tsunami :
|b to survive from tsunami
|c Susumu Murata ... [et al.].
|
| 260 |
|
|
|a Singapore:
|b World Scientific Pub.,
|c 2010.
|
| 300 |
|
|
|a xii, 302 p.:
|b col. ill., col. maps;
|c 24 cm.
|
| 490 |
1 |
|
|a Advanced series on ocean engineering;
|v v. 32
|
| 504 |
|
|
|a Includes bibliographical references
|
| 650 |
0 |
0 |
|a Tsunamis --
|x Safety measures
|
| 650 |
0 |
0 |
|a Tsunami damage
|
| 650 |
0 |
0 |
|a Natural disasters --
|x Research
|
| 650 |
0 |
0 |
|a Tsunamis
|
| 700 |
1 |
|
|a Murata, Susumu
|
| 997 |
|
|
|a Communication, Visual Art & Computing, Faculty
|b Computing, Department
|
| 998 |
|
|
|a Mathematics with Statistics, Degree
|
| 999 |
|
|
|a 0000047838
|b BOK
|c OPEN SHELF
|e 1st Floor, Bestari Jaya
|